000
00325nam a2200121Ia 4500
008
190722s9999 xx 000 0 und d
020
_a
978-81-265-5913-8
100
_a
Larose, Larose
245
0
_a
Data Mining and Predictive Analytics
260
_a
New Delhi
_b
John Wiley & Sons.Inc. (India)
_c
2016
300
_a
794
942
_c
BK
999
_c
293
_d
293